[Event "AUT-chT 1314"]
[Site "Austria"]
[Date "2014.03.23"]
[Round "11.6"]
[White "Petschar, Hans"]
[Black "Juenger, Heinz"]
[Result "1/2-1/2"]
[WhiteElo "2117"]
[BlackElo "2095"]
[PlyCount "67"]
[EventDate "2013.12.06"]
[EventType "team-tourn"]
[EventRounds "11"]
[EventCountry "AUT"]
[SourceTitle "EXT 2015"]
[Source "ChessBase"]
[SourceDate "2014.11.20"]
[SourceVersion "1"]
[SourceVersionDate "2014.11.20"]
[SourceQuality "1"]
[WhiteTeam "Tschaturanga"]
[BlackTeam "Baden Invest"]
[WhiteTeamCountry "AUT"]
[BlackTeamCountry "AUT"]

1. e4 e5 2. Nf3 Nc6 3. Bc4 Bc5 4. c3 Nf6 5. d3 0-0 6. Bb3 a6 7. 0-0 Ba7 8. Re1 d6 9. Nbd2 Ng4 10. Re2 Kh8 11. h3 Nh6 12. Nf1 f5 13. Bxh6 gxh6 14. N1h2 Qf6 15. Qd2 Ne7 16. d4 fxe4 17. Rxe4 exd4 18. cxd4 Qg7 19. Kh1 d5 20. Rxe7 Qxe7 21. Bxd5 c6 22. Bb3 Qg7 23. Re1 Bf5 24. Qb4 Rfe8 25. Ne5 Be6 26. Nhf3 Rad8 27. Re4 Rc8 28. Rg4 Bxg4 29. Nf7+ Kg8 30. Nxh6+ Kh8 31. Nf7+ Kg8 32. Nh6+ Kh8 33. Nf7+ Kg8 34. Nh6+ 1/2-1/2

[Event "AUT-chT2O 1213"]
[Site "Austria"]
[Date "2012.10.07"]
[Round "2.6"]
[White "Steiner, Bruno"]
[Black "Petschar, Hans"]
[Result "0-1"]
[WhiteElo "2209"]
[BlackElo "2064"]
[PlyCount "80"]
[EventDate "2012.10.06"]
[EventType "team-tourn"]
[EventRounds "11"]
[EventCountry "AUT"]
[SourceTitle "EXT 2013"]
[Source "ChessBase"]
[SourceDate "2012.11.22"]
[SourceVersion "1"]
[SourceVersionDate "2012.11.22"]
[SourceQuality "1"]
[WhiteTeam "Waehring"]
[BlackTeam "Tschaturanga"]
[WhiteTeamCountry "AUT"]
[BlackTeamCountry "AUT"]

1. c4 g6 2. g3 Bg7 3. Bg2 e5 4. Nc3 Ne7 5. e4 d6 6. d3 Nbc6 7. Nge2 0-0 8. 0-0 f5 9. Nd5 Be6 10. Be3 Qd7 11. Qd2 Rf7 12. Rac1 Raf8 13. f3 Nc8 14. b3 N6e7 15. Ndc3 c5 16. b4 b6 17. f4 Kh8 18. fxe5 cxb4 19. Nd5 dxe5 20. Qxb4 fxe4 21. Rxf7 Rxf7 22. dxe4 Bg4 23. Nec3 Nc6 24. Qb2 Nd4 25. Nb5 Ne2+ 26. Kh1 Nxc1 27. Bxc1 Bh3 28. Qe2 Qg4 29. Qxg4 Bxg4 30. Kg1 Bf8 31. Bg5 Bg7 32. Be3 Be2 33. Bh3 Bxc4 34. Na3 Nd6 35. Be6 Rf1+ 36. Kg2 Ra1 37. Nxc4 Nxc4 38. Bg5 Rxa2+ 39. Kh3 Nd6 40. Nxb6 Ra6 0-1

[Event "AUT-chT2O 1213"]
[Site "Austria"]
[Date "2012.10.06"]
[Round "1.6"]
[White "Petschar, Hans"]
[Black "Hechl, Gerald"]
[Result "0-1"]
[WhiteElo "2064"]
[BlackElo "2220"]
[PlyCount "46"]
[EventDate "2012.10.06"]
[EventType "team-tourn"]
[EventRounds "11"]
[EventCountry "AUT"]
[SourceTitle "EXT 2013"]
[Source "ChessBase"]
[SourceDate "2012.11.22"]
[SourceVersion "1"]
[SourceVersionDate "2012.11.22"]
[SourceQuality "1"]
[WhiteTeam "Tschaturanga"]
[BlackTeam "Eichgraben"]
[WhiteTeamCountry "AUT"]
[BlackTeamCountry "AUT"]

1. c4 e5 2. Nc3 Bb4 3. Nf3 Bxc3 4. bxc3 Nc6 5. g3 d6 6. Bg2 Nge7 7. 0-0 0-0 8. d4 f6 9. Rb1 b6 10. Qc2 Qe8 11. c5 bxc5 12. dxc5 d5 13. e4 Qf7 14. Nd2 d4 15. cxd4 Nxd4 16. Qb2 Ba6 17. Qa3 Bxf1 18. Bxf1 Kh8 19. Rb7 Nec6 20. Nc4 Qh5 21. Kg2 Qd1 22. Rxc7 Nc2 23. Ne3 Qd8 0-1

[Event "Vienna Tschaturanga op-A"]
[Site "Vienna"]
[Date "2012.02.06"]
[Round "2.3"]
[White "Petschar, Hans"]
[Black "Ponjican, Erich"]
[Result "1-0"]
[WhiteElo "2068"]
[BlackElo "2184"]
[PlyCount "81"]
[EventDate "2012.01.30"]
[EventType "swiss"]
[EventRounds "7"]
[EventCountry "AUT"]
[SourceTitle "EXT 2024"]
[Source "ChessBase"]
[SourceDate "2023.10.10"]
[SourceVersion "1"]
[SourceVersionDate "2023.10.10"]
[SourceQuality "1"]

1. c4 c6 2. e4 g6 3. d4 Bg7 4. Nc3 d6 5. Be3 Nf6 6. f3 0-0 7. Qd2 e5 8. d5 c5 9. Bd3 Na6 10. Nge2 Nc7 11. g4 a6 12. Ng3 Rb8 13. h4 b5 14. h5 Bxg4 15. fxg4 Nxg4 16. 0-0-0 bxc4 17. Bxc4 Rb4 18. Be2 Nxe3 19. Qxe3 Bf6 20. Kb1 Bg5 21. Qg1 Qb8 22. Ka1 Rxb2 23. Rb1 Rb4 24. Nf5 Bd2 25. Ne7+ Kg7 26. Qg3 Nb5 27. Nxb5 axb5 28. Rxb4 cxb4 29. Qh3 Qa7 30. hxg6 h5 31. Nf5+ Kf6 32. Qf1 Ra8 33. Nxd6+ Bf4 34. Qb1 fxg6 35. Nxb5 Qc5 36. Qb2 Ra5 37. Rf1 g5 38. Bd3 Rxb5 39. Bxb5 Qxb5 40. Qc2 Ke7 41. d6+ 1-0

[Event "Vienna op 17th"]
[Site "Vienna"]
[Date "2011.08.13"]
[Round "1"]
[White "Danner, Georg"]
[Black "Petschar, Hans"]
[Result "1-0"]
[WhiteElo "2401"]
[BlackElo "2081"]
[PlyCount "97"]
[EventDate "2011.08.13"]
[EventType "swiss"]
[EventRounds "9"]
[EventCountry "AUT"]
[SourceTitle "CBM 143 Extra"]
[Source "ChessBase"]
[SourceDate "2011.08.29"]
[SourceVersion "1"]
[SourceVersionDate "2011.08.29"]
[SourceQuality "1"]

1. d4 Nf6 2. Nf3 g6 3. c4 Bg7 4. Nc3 d6 5. e4 0-0 6. Be2 e5 7. d5 a5 8. 0-0 Na6 9. Ne1 Nc5 10. f3 Ne8 11. Be3 f5 12. exf5 gxf5 13. Nd3 b6 14. Qd2 Nf6 15. Nxc5 bxc5 16. a4 f4 17. Bf2 Bf5 18. Bd3 Qd7 19. Bh4 Bxd3 20. Qxd3 e4 21. fxe4 Ng4 22. Qh3 Bd4+ 23. Kh1 Qg7 24. Ne2 Be5 25. Rf3 Rab8 26. Rb1 Ne3 27. g3 Qg4 28. Qxg4+ Nxg4 29. gxf4 Bg7 30. b3 Rbe8 31. Ng3 Ne5 32. Rff1 Nd3 33. f5 Bd4 34. Kg2 Kf7 35. Rbd1 Nb2 36. Rd2 Rb8 37. Rf3 Rg8 38. Kh3 Rb4 39. Ne2 Be5 40. Bg3 Bf6 41. e5 dxe5 42. Rxb2 e4 43. Rc3 Rgb8 44. Bxc7 R8b7 45. d6 Ke8 46. Kg4 Kd7 47. Rbc2 Bxc3 48. Nxc3 Rxb3 49. Nxe4 1-0

[Event "AUT-chT2O 0910"]
[Site "Austria"]
[Date "2010.01.31"]
[Round "6.6"]
[White "Posch, Roland"]
[Black "Petschar, Hans"]
[Result "1-0"]
[WhiteElo "2061"]
[BlackElo "2086"]
[PlyCount "125"]
[EventDate "2009.10.17"]
[EventType "team-tourn"]
[EventRounds "11"]
[EventCountry "AUT"]
[SourceTitle "EXT 2011"]
[Source "ChessBase"]
[SourceDate "2010.11.26"]
[SourceVersion "1"]
[SourceVersionDate "2010.11.26"]
[SourceQuality "1"]
[WhiteTeam "Poechlarn"]
[BlackTeam "Tschaturanga"]
[WhiteTeamCountry "AUT"]
[BlackTeamCountry "AUT"]

1. e4 e6 2. d3 d5 3. Nd2 Nf6 4. Ngf3 Nc6 5. g3 Bc5 6. Bg2 0-0 7. 0-0 e5 8. c3 a6 9. exd5 Nxd5 10. Nb3 Bd6 11. d4 e4 12. Ng5 f5 13. c4 Nf6 14. d5 Ne5 15. Nd4 Qe7 16. Nge6 Bxe6 17. Nxe6 Rfe8 18. b3 Nd3 19. Be3 Be5 20. Bd4 c6 21. Bxe5 Nxe5 22. Nd4 g6 23. dxc6 bxc6 24. Qe2 Rad8 25. Rad1 Qa7 26. Qb2 Qb6 27. c5 Qc7 28. b4 Qf7 29. Qa3 Qc4 30. Qb3 Qxb3 31. Nxb3 Nd5 32. a3 Nc3 33. Rxd8 Rxd8 34. Ra1 Nf3+ 35. Bxf3 exf3 36. Na5 Ne2+ 37. Kf1 Nd4 38. Rd1 Kf7 39. Nb3 Ne6 40. Rxd8 Nxd8 41. Nd4 h6 42. Ke1 Kf6 43. Kd2 Ke5 44. Kd3 Kd5 45. Nxf3 Nf7 46. Nh4 Ne5+ 47. Kc3 Ke4 48. f4 Ng4 49. Nxg6 Nxh2 50. Ne7 Nf1 51. Nxc6 Nxg3 52. Ne7 Ne2+ 53. Kc4 Nxf4 54. Ng8 Nd3 55. c6 Ne5+ 56. Kc5 Nxc6 57. Kxc6 f4 58. Nxh6 f3 59. Ng4 Kf4 60. Nh2 f2 61. Nf1 Kf3 62. Kb6 Ke2 63. Nh2 1-0

[Event "AUT-chT2O 0910"]
[Site "Austria"]
[Date "2009.10.18"]
[Round "2.6"]
[White "Lipp, Alfred"]
[Black "Petschar, Hans"]
[Result "0-1"]
[WhiteElo "2106"]
[BlackElo "2086"]
[PlyCount "65"]
[EventDate "2009.10.17"]
[EventType "team-tourn"]
[EventRounds "11"]
[EventCountry "AUT"]
[SourceTitle "EXT 2010"]
[Source "ChessBase"]
[SourceDate "2010.11.25"]
[SourceVersion "1"]
[SourceVersionDate "2010.11.25"]
[SourceQuality "1"]
[WhiteTeam "Zwettl"]
[BlackTeam "Tschaturanga"]
[WhiteTeamCountry "AUT"]
[BlackTeamCountry "AUT"]

1. c4 Nf6 2. Nc3 g6 3. e4 d6 4. d4 Bg7 5. Nf3 0-0 6. Be2 e5 7. 0-0 Nc6 8. d5 Ne7 9. Ne1 Ne8 10. Be3 f5 11. f3 f4 12. Bf2 g5 13. c5 Kh8 14. a4 a5 15. Rc1 Ng8 16. Nb5 Ngf6 17. cxd6 cxd6 18. Na7 Bd7 19. Bb5 g4 20. Bxd7 Qxd7 21. Bb6 Rg8 22. Kh1 gxf3 23. gxf3 Nh5 24. Rg1 Qh3 25. Rg2 Bf6 26. Rxg8+ Kxg8 27. Nd3 Bh4 28. b3 Kh8 29. Nb2 Nef6 30. Nc4 Rg8 31. Rc2 Ng3+ 32. Kg1 Ne2+ 33. Kh1 0-1

[Event "Vienna op 16th"]
[Site "Vienna"]
[Date "2009.08.18"]
[Round "4"]
[White "Serrer, Christoph"]
[Black "Petschar, Hans"]
[Result "1-0"]
[WhiteElo "2260"]
[BlackElo "2096"]
[PlyCount "47"]
[EventDate "2009.08.15"]
[EventType "swiss"]
[EventRounds "9"]
[EventCountry "AUT"]
[SourceTitle "CBM 131 Extra"]
[Source "ChessBase"]
[SourceDate "2009.09.03"]
[SourceVersion "2"]
[SourceVersionDate "2009.09.16"]
[SourceQuality "1"]

1. Nf3 Nf6 2. g3 d6 3. d4 g6 4. b3 Bg7 5. Bb2 0-0 6. Bg2 e5 7. dxe5 Nfd7 8. Qd2 Nxe5 9. c4 Nbd7 10. 0-0 Nc5 11. Nc3 Bd7 12. Nxe5 Bxe5 13. Nd5 Bc6 14. Bxe5 dxe5 15. Qe3 Qd6 16. Rfd1 Nd7 17. Nf6+ Nxf6 18. Rxd6 cxd6 19. c5 dxc5 20. Bxc6 bxc6 21. Qxc5 Rad8 22. Rc1 Rd2 23. Rc2 Rd1+ 24. Kg2 1-0

[Event "Vienna op 16th"]
[Site "Vienna"]
[Date "2009.08.16"]
[Round "2"]
[White "Ramondino, Renzo"]
[Black "Petschar, Hans"]
[Result "1-0"]
[WhiteElo "2274"]
[BlackElo "2096"]
[PlyCount "57"]
[EventDate "2009.08.15"]
[EventType "swiss"]
[EventRounds "9"]
[EventCountry "AUT"]
[SourceTitle "CBM 131 Extra"]
[Source "ChessBase"]
[SourceDate "2009.09.03"]
[SourceVersion "2"]
[SourceVersionDate "2009.09.16"]
[SourceQuality "1"]

1. Nf3 Nf6 2. c4 c5 3. Nc3 e6 4. g3 b6 5. Bg2 Bb7 6. 0-0 Be7 7. d4 cxd4 8. Qxd4 Nc6 9. Qf4 Qb8 10. Rd1 0-0 11. b3 Rd8 12. Qxb8 Raxb8 13. Bf4 Rbc8 14. Nd4 Bb4 15. Ncb5 a6 16. Nxc6 Bxc6 17. Na7 Bxg2 18. Nxc8 Be4 19. Nd6 Bc2 20. Rf1 h6 21. Rfc1 Bh7 22. c5 g5 23. Nb7 Re8 24. Be5 Ng4 25. Bb2 Rb8 26. cxb6 Be4 27. Nc5 Bc6 28. h3 Bd2 29. hxg4 1-0

[Event "Zalakaros op 27th"]
[Site "Zalakaros"]
[Date "2008.05.28"]
[Round "7"]
[White "Petschar, Hans"]
[Black "Vlasic, Nenad"]
[Result "0-1"]
[WhiteElo "2084"]
[BlackElo "2260"]
[PlyCount "56"]
[EventDate "2008.05.22"]
[EventType "swiss"]
[EventRounds "9"]
[EventCountry "HUN"]
[SourceTitle "CBM 124 Extra"]
[Source "ChessBase"]
[SourceDate "2008.07.03"]
[SourceVersion "1"]
[SourceVersionDate "2008.07.03"]
[SourceQuality "1"]

1. d4 Nf6 2. c4 c5 3. d5 b5 4. cxb5 a6 5. bxa6 g6 6. Nc3 Bxa6 7. g3 d6 8. Bg2 Nbd7 9. Nf3 Nb6 10. Rb1 Bc4 11. e4 Bxa2 12. Nxa2 Rxa2 13. Qc2 Bg7 14. 0-0 0-0 15. Nd2 Qc8 16. Nc4 Qa6 17. Nxb6 Qxb6 18. Qc4 Rfa8 19. b4 Ng4 20. Bf4 Bd4 21. bxc5 Qxc5 22. Rb8+ Rxb8 23. Qxa2 Nxf2 24. Rxf2 Rb2 25. Qa8+ Kg7 26. Bh6+ Kxh6 27. Qf8+ Bg7 28. Qxf7 Rxf2 0-1

[Event "Zalakaros op 27th"]
[Site "Zalakaros"]
[Date "2008.05.23"]
[Round "2"]
[White "Piroska, Istvan"]
[Black "Petschar, Hans"]
[Result "0-1"]
[WhiteElo "2193"]
[BlackElo "2084"]
[PlyCount "102"]
[EventDate "2008.05.22"]
[EventType "swiss"]
[EventRounds "9"]
[EventCountry "HUN"]
[SourceTitle "CBM 124 Extra"]
[Source "ChessBase"]
[SourceDate "2008.07.03"]
[SourceVersion "1"]
[SourceVersionDate "2008.07.03"]
[SourceQuality "1"]

1. e4 e6 2. d4 d5 3. Nc3 Nf6 4. Bg5 dxe4 5. Nxe4 Nbd7 6. Nf3 h6 7. Nxf6+ Nxf6 8. Bf4 Nd5 9. Be5 c5 10. c3 Qb6 11. Qc2 Bd7 12. Bd3 Bb5 13. Bxb5+ Qxb5 14. c4 Qa5+ 15. Nd2 Nb4 16. Qb3 cxd4 17. 0-0 Qxe5 18. a3 Qc5 19. axb4 Qxb4 20. Qc2 Be7 21. Ra4 Qb6 22. c5 Qc6 23. Rxd4 0-0 24. Nf3 Qxc5 25. Rc4 Qa5 26. Rc7 Bf6 27. Rxb7 Rab8 28. b4 Qa6 29. Rxb8 Rxb8 30. Rb1 Qd6 31. b5 Rb6 32. Nd2 Qb8 33. Qd3 Qd8 34. Qxd8+ Bxd8 35. Nc4 Rb7 36. Kf1 Bb6 37. Ke2 Rd7 38. Nxb6 axb6 39. Rc1 Rd5 40. Rc8+ Kh7 41. Rc7 Kg6 42. g4 Rxb5 43. h4 Rb4 44. Kf3 b5 45. Kg3 Kf6 46. h5 g5 47. f3 Rb1 48. Kf2 b4 49. Rb7 b3 50. Ke2 b2 51. Rb5 Rh1 0-1

[Event "AUT-chT 0607"]
[Site "Austria"]
[Date "2007.01.20"]
[Round "6"]
[White "Genser, Harald"]
[Black "Petschar, Hans"]
[Result "1-0"]
[WhiteElo "2334"]
[BlackElo "2109"]
[PlyCount "81"]
[EventDate "2006.11.03"]
[EventType "team"]
[EventRounds "11"]
[EventCountry "AUT"]
[SourceTitle "EXT 2008"]
[Source "ChessBase"]
[SourceDate "2007.11.25"]
[SourceVersion "1"]
[SourceVersionDate "2007.11.25"]
[SourceQuality "1"]
[WhiteTeam "Klagenfurt"]
[BlackTeam "Tschaturanga"]
[WhiteTeamCountry "AUT"]
[BlackTeamCountry "AUT"]

1. d4 Nf6 2. c4 e6 3. Nc3 Bb4 4. Qc2 d5 5. cxd5 Qxd5 6. Nf3 Qf5 7. Qxf5 exf5 8. Bd2 c6 9. e3 h6 10. Bd3 Be6 11. 0-0 Nbd7 12. Rfc1 0-0 13. Ne2 Bxd2 14. Nxd2 Nd5 15. Nc4 g6 16. Na5 Rab8 17. a3 Rfc8 18. b4 Kf8 19. Rab1 Ke7 20. Kf1 N7f6 21. Ke1 h5 22. Rb2 h4 23. Ng1 g5 24. Nf3 Nh7 25. Rbc2 Kd8 26. Ne5 Ne7 27. Nxb7+ Rxb7 28. Ba6 Rbc7 29. Bxc8 Rxc8 30. Nxc6+ Nxc6 31. Rxc6 Ra8 32. R1c5 Kd7 33. d5 Bxd5 34. Rh6 Bxg2 35. Rxh7 Ke6 36. f4 gxf4 37. exf4 Kf6 38. Rxh4 Be4 39. Rh6+ Kg7 40. Rh3 Re8 41. Kd2 1-0

[Event "Vienna op-A 15th"]
[Site "Vienna"]
[Date "2006.08.01"]
[Round "4"]
[White "Webersberger, Johann"]
[Black "Petschar, Hans"]
[Result "1-0"]
[WhiteElo "2264"]
[BlackElo "2095"]
[PlyCount "77"]
[EventDate "2006.07.29"]
[EventType "swiss"]
[EventRounds "9"]
[EventCountry "AUT"]
[SourceTitle "CBM 113 Extra"]
[Source "ChessBase"]
[SourceDate "2006.09.14"]
[SourceVersion "1"]
[SourceVersionDate "2006.09.14"]
[SourceQuality "1"]

1. e4 e6 2. d4 d5 3. Nc3 Bb4 4. exd5 exd5 5. Bd3 Nc6 6. Nge2 Nge7 7. 0-0 Bg4 8. h3 Bh5 9. Be3 f6 10. Qd2 Bf7 11. a3 Ba5 12. b4 Bb6 13. Na4 0-0 14. c3 Qd7 15. Nf4 Nf5 16. Qc2 Nce7 17. g4 Nxe3 18. Bxh7+ Kh8 19. fxe3 f5 20. Nxb6 axb6 21. Bxf5 Nxf5 22. Qxf5 Qxf5 23. gxf5 Rfe8 24. Kf2 Ra4 25. Ra2 Rea8 26. Rfa1 b5 27. Kf3 R4a6 28. Rg1 Rxa3 29. Rag2 Rg8 30. Rg4 Ra6 31. Rh4+ Rh6 32. Rxh6+ gxh6 33. Rxg8+ Kxg8 34. Nd3 Kg7 35. Kf4 Kf6 36. Ne5 Bh5 37. Ng4+ Bxg4 38. hxg4 b6 39. e4 1-0

[Event "AUT-chT2O 0506"]
[Site "Austria"]
[Date "2005.10.09"]
[Round "2.3"]
[White "Petschar, Hans"]
[Black "Savio, Alfred"]
[Result "1/2-1/2"]
[WhiteElo "2100"]
[BlackElo "2036"]
[PlyCount "62"]
[EventDate "2005.11.19"]
[EventType "team"]
[EventRounds "11"]
[EventCountry "AUT"]
[SourceTitle "EXT 2006"]
[Source "ChessBase"]
[SourceDate "2005.11.24"]
[SourceVersion "1"]
[SourceVersionDate "2005.11.24"]
[SourceQuality "1"]
[WhiteTeam "Tschaturanga"]
[BlackTeam "Mattersburg"]
[WhiteTeamCountry "AUT"]
[BlackTeamCountry "AUT"]

1. c4 c6 2. Nf3 Nf6 3. g3 d5 4. Bg2 e6 5. 0-0 Be7 6. Qc2 0-0 7. d3 Nbd7 8. e4 dxe4 9. dxe4 e5 10. Nc3 Qc7 11. Rd1 Re8 12. h3 h6 13. Be3 Nf8 14. Nh4 Ne6 15. Nf5 Bf8 16. Rd2 Kh7 17. Rad1 Rd8 18. Rxd8 Nxd8 19. c5 Ne8 20. Qd2 Be6 21. Nd6 Nxd6 22. cxd6 Qd7 23. Kh2 f6 24. f4 b6 25. Qd3 Nb7 26. Qa6 Nxd6 27. Bxb6 Qf7 28. Bc5 Qc7 29. Qe2 exf4 30. e5 Nf5 31. exf6 f3 1/2-1/2

[Event "AUT-chT2O 0506"]
[Site "Austria"]
[Date "2005.10.08"]
[Round "1.5"]
[White "Rogetzer, Klaus"]
[Black "Petschar, Hans"]
[Result "1/2-1/2"]
[WhiteElo "2141"]
[BlackElo "2100"]
[PlyCount "77"]
[EventDate "2005.11.19"]
[EventType "team"]
[EventRounds "11"]
[EventCountry "AUT"]
[SourceTitle "EXT 2006"]
[Source "ChessBase"]
[SourceDate "2005.11.24"]
[SourceVersion "1"]
[SourceVersionDate "2005.11.24"]
[SourceQuality "1"]
[WhiteTeam "Wien Austria"]
[BlackTeam "Tschaturanga"]
[WhiteTeamCountry "AUT"]
[BlackTeamCountry "AUT"]

1. d4 Nf6 2. c4 g6 3. Nc3 Bg7 4. e4 d6 5. f3 0-0 6. Bg5 c5 7. d5 e6 8. Qd2 exd5 9. cxd5 h6 10. Bxh6 Nxe4 11. Nxe4 Qh4+ 12. g3 Qxh6 13. Qxh6 Bxh6 14. Nxd6 Nd7 15. f4 Nb6 16. 0-0-0 Rd8 17. Ne4 Bg7 18. Nf3 Rxd5 19. Rxd5 Nxd5 20. Nd6 Ne3 21. Bb5 Be6 22. Re1 a6 23. Ba4 Ng4 24. Ng5 Bxa2 25. h3 Nh6 26. Nxb7 Bd5 27. Nxc5 Bd4 28. Nd7 Nf5 29. Rd1 Be3+ 30. Kb1 Bc4 31. Ne5 Rc8 32. Bd7 Rc7 33. Ng4 Be2 34. Nf6+ Kg7 35. Ne8+ Kf8 36. Nxc7 Bxd1 37. Bxf5 gxf5 38. Nxa6 Bf2 39. g4 1/2-1/2

[Event "AUT-ch qual"]
[Site "Gmunden"]
[Date "2005.08.19"]
[Round "7"]
[White "Braun, Karl Heinz"]
[Black "Petschar, Hans"]
[Result "0-1"]
[WhiteElo "2140"]
[BlackElo "2092"]
[PlyCount "125"]
[EventDate "2005.08.13"]
[EventType "swiss"]
[EventRounds "9"]
[EventCountry "AUT"]
[SourceTitle "CBM 107 Extra"]
[Source "ChessBase"]
[SourceDate "2005.09.01"]
[SourceVersion "1"]
[SourceVersionDate "2005.09.01"]
[SourceQuality "1"]

1. e4 d6 2. d4 Nf6 3. Bd3 e5 4. Ne2 Be7 5. 0-0 0-0 6. h3 Nbd7 7. c3 Re8 8. Ng3 exd4 9. cxd4 c5 10. d5 Bf8 11. Nc3 a6 12. a4 Qc7 13. f4 c4 14. Bc2 Nc5 15. Be3 Nfxe4 16. Ncxe4 Nxe4 17. Qf3 Nxg3 18. Qxg3 f5 19. Bd4 Qf7 20. Rad1 b5 21. Bc3 Bd7 22. axb5 axb5 23. Qf3 Re7 24. Rf2 Rae8 25. g4 g6 26. Bb1 Bg7 27. Bb4 Re3 28. Qg2 Qe7 29. gxf5 Qh4 30. Rf3 Rxf3 31. Qxf3 gxf5 32. Kh2 Qh6 33. Rg1 Kf7 34. Rg5 Be5 35. Kh1 Bf6 36. Bxf5 Bxf5 37. Rxf5 Qg6 38. Qg4 Qxg4 39. hxg4 Kg6 40. Bxd6 Bxb2 41. Bb4 c3 42. Rg5+ Kh6 43. Rh5+ Kg7 44. Bxc3+ Bxc3 45. d6 b4 46. Rb5 Re4 47. d7 Rd4 48. Rb7 Kg6 49. Kg2 Kf6 50. Kf3 Ke7 51. f5 Rxd7 52. Rb6 Rd6 53. Rb7+ Kf6 54. Rxh7 Ke5 55. Ke3 Rb6 56. Rh1 b3 57. Kd3 b2 58. Kc2 Kf4 59. Rb1 Bf6 60. Rg1 Kg5 61. Rb1 Ra6 62. Rg1 Ra1 63. Rb1 0-1

[Event "AUT-ch qual"]
[Site "Gmunden"]
[Date "2005.08.18"]
[Round "6"]
[White "Petschar, Hans"]
[Black "Schwab, Rene"]
[Result "0-1"]
[WhiteElo "2092"]
[BlackElo "2273"]
[PlyCount "206"]
[EventDate "2005.08.13"]
[EventType "swiss"]
[EventRounds "9"]
[EventCountry "AUT"]
[SourceTitle "CBM 107 Extra"]
[Source "ChessBase"]
[SourceDate "2005.09.01"]
[SourceVersion "1"]
[SourceVersionDate "2005.09.01"]
[SourceQuality "1"]

1. Nf3 c6 2. c4 b5 3. b3 bxc4 4. bxc4 Nf6 5. g3 g6 6. Bb2 Bg7 7. Bg2 0-0 8. 0-0 Qb6 9. Qc2 d5 10. cxd5 cxd5 11. Nc3 Nbd7 12. Rab1 Qa5 13. Ba1 Ba6 14. d3 Rac8 15. Qd2 Qc5 16. Rfc1 Qd6 17. Nd4 e5 18. Ndb5 Bxb5 19. Nxb5 Rxc1+ 20. Qxc1 Qa6 21. Qc7 Qxa2 22. Rf1 Qxe2 23. Bxd5 Nxd5 24. Qxd7 Qxd3 25. Nxa7 Nf4 26. Qxd3 Nxd3 27. Nc6 e4 28. Ne7+ Kh8 29. Nd5 Rd8 30. Ne3 Bxa1 31. Rxa1 Ne5 32. Ra7 Kg7 33. Re7 Kf6 34. Ra7 Rd4 35. Ra6+ Kg7 36. Ra7 h5 37. h4 Rd2 38. Re7 Nf3+ 39. Kg2 Ne1+ 40. Kg1 Rd4 41. Kf1 Nf3 42. Kg2 Nd2 43. Nc2 Rd8 44. Ne3 Kf6 45. Ra7 Rd6 46. Ra2 Ke6 47. Ra8 Rb6 48. Re8+ Kd7 49. Rf8 Rf6 50. Ra8 Rd6 51. Rf8 Ke7 52. Ra8 Nf3 53. Ra7+ Ke6 54. Ra8 Kf6 55. Re8 Ne5 56. Kg1 Rd4 57. Kg2 Nd7 58. Rd8 Rd2 59. Nc4 Rd3 60. Re8 Nc5 61. Re5 Ne6 62. Rxe4 Rd5 63. Re2 Rd1 64. Ne3 Rb1 65. Nd5+ Kg7 66. Ra2 Rb5 67. Ne3 Nc5 68. Rc2 Ne4 69. Kf3 Nf6 70. Kg2 Rb1 71. Re2 Ra1 72. Nc4 Ra7 73. Ne3 Ne4 74. Rb2 Kf6 75. Kf3 Nc5 76. Rd2 Ra3 77. Kg2 Nd3 78. Nc4 Rc3 79. Nb2 Ne1+ 80. Kf1 Nf3 81. Rd3 Rc1+ 82. Rd1 Rc2 83. Nd3 Nd2+ 84. Kg2 Ne4 85. Kg1 Kf5 86. Kg2 f6 87. Kf3 g5 88. hxg5 fxg5 89. Rc1 Ra2 90. Rc8 Ra3 91. Rf8+ Nf6 92. Ke2 Ra2+ 93. Ke3 Ke6 94. Rb8 Ng4+ 95. Kf3 Ra3 96. Ke2 Ra5 97. Rb6+ Kf5 98. Rb8 Nf6 99. Rb4 Nd5 100. Rb8 Ra2+ 101. Rb2 Ra3 102. Rb8 Kg4 103. Rb5 Nc3+ 0-1

[Event "AUT-chT2O 0405"]
[Site "Austria"]
[Date "2004.11.20"]
[Round "3.6"]
[White "Zojer, Thomas"]
[Black "Petschar, Hans"]
[Result "0-1"]
[WhiteElo "1971"]
[BlackElo "2050"]
[PlyCount "110"]
[EventDate "2004.10.09"]
[EventType "team-tourn"]
[EventRounds "11"]
[EventCountry "AUT"]
[SourceTitle "EXT 2005"]
[Source "ChessBase"]
[SourceDate "2004.11.15"]
[SourceVersion "1"]
[SourceVersionDate "2004.11.15"]
[SourceQuality "1"]
[WhiteTeam "Baden"]
[BlackTeam "Tschaturanga II"]
[WhiteTeamCountry "AUT"]
[BlackTeamCountry "AUT"]

1. d4 d6 2. c4 g6 3. Nc3 Bg7 4. Nf3 Nf6 5. e4 0-0 6. Be2 Na6 7. 0-0 e5 8. a3 exd4 9. Nxd4 Nc5 10. f3 a5 11. Rb1 a4 12. b4 axb3 13. Nxb3 Nh5 14. Nd5 c6 15. Nb4 Na4 16. Na2 f5 17. Bd3 f4 18. Bc2 Be5 19. Nd4 Nc5 20. Nc3 Qf6 21. Nce2 Ng7 22. Bb2 g5 23. Bc1 Qg6 24. g4 fxg3 25. hxg3 Nh5 26. Kg2 Rf7 27. Bb2 Qf6 28. Bc1 Rg7 29. Rh1 Qg6 30. Kf2 Bd7 31. Nf5 Bxf5 32. exf5 Qf7 33. Bb2 Re8 34. Bxe5 dxe5 35. Qd6 Qxc4 36. Rbc1 Rd7 37. Qh6 Nf4 38. gxf4 exf4 39. Qxg5+ Rg7 40. Be4 Nxe4+ 41. fxe4 Qxe4 42. Qh5 Qe3+ 43. Kf1 f3 44. Re1 fxe2+ 45. Rxe2 Qc1+ 46. Kf2 Qc5+ 47. Kf1 Rxe2 48. Qxe2 Qxf5+ 49. Ke1 Qb1+ 50. Kd2 Qb2+ 51. Kd1 Qxa3 52. Qe8+ Qf8 53. Qe6+ Kh8 54. Qb3 Qd6+ 55. Ke1 Qg3+ 0-1

[Event "EU-Cup 19th"]
[Site "Rethymno"]
[Date "2003.10.04"]
[Round "7.6"]
[White "Saastamoinen, Aarne"]
[Black "Petschar, Hans"]
[Result "1-0"]
[WhiteElo "2170"]
[BlackElo "2004"]
[PlyCount "115"]
[EventDate "2003.09.28"]
[EventType "team-swiss"]
[EventRounds "7"]
[EventCountry "GRE"]
[SourceTitle "CBM 098"]
[Source "ChessBase"]
[SourceDate "2004.02.03"]
[SourceVersion "1"]
[SourceVersionDate "2004.02.03"]
[SourceQuality "1"]
[WhiteTeam "Joensuu SK"]
[BlackTeam "Tschaturanga"]
[WhiteTeamCountry "FIN"]
[BlackTeamCountry "AUT"]

1. e4 d6 2. d4 Nf6 3. Nc3 g6 4. f4 Bg7 5. Nf3 c5 6. Be3 cxd4 7. Nxd4 0-0 8. Qd2 Nc6 9. 0-0-0 Nxd4 10. Bxd4 Be6 11. Kb1 Qa5 12. Bxf6 exf6 13. Nd5 Qd8 14. Ne3 f5 15. exf5 Qf6 16. Qc1 Bxf5 17. Nxf5 Qxf5 18. Rxd6 Rfe8 19. g3 Qc5 20. Rd3 Rac8 21. Bh3 Rc7 22. Rhd1 Rce7 23. Bf1 Qb6 24. Rd6 Qb4 25. a3 Qa5 26. Qd2 Qf5 27. Qb4 Rc7 28. Bc4 Bf8 29. Qb5 Qe4 30. R6d4 Qe3 31. Rd7 Re7 32. Rd8 Re4 33. Bd5 Qe2 34. Qxe2 Rxe2 35. Bb3 Kg7 36. Ka2 h5 37. h3 Bc5 38. R1d7 Re7 39. Rd3 Re3 40. g4 hxg4 41. hxg4 Re4 42. R8d7 Re7 43. Ba4 f5 44. gxf5 gxf5 45. R7d5 Re4 46. b4 Be3 47. Rxf5 Bxf4 48. Rf3 Be5 49. Rg5+ Kh6 50. Rg1 Rh4 51. Bb3 Rh2 52. b5 Rg7 53. Re1 Rg5 54. Rf7 Bc3 55. Re6+ Rg6 56. Rxg6+ Kxg6 57. Rxb7 Bd4 58. Rd7 1-0